000 00681cam a2200229 a 4500
001 4305501
003 OSt
005 20150218090142.0
008 860721s1985 ho b f000 0 spa
010 _a 86185623
040 _cBMC
082 _a972.84092
100 1 _aMorazán, Francisco
_d1792-1842
_922703
245 1 0 _aPensamiento polÍtico del general Francisco Morazán
_cRafael Bardales B.
250 _a1ª ed
260 _aTegucigalpa, D.C., Honduras
_bUniversitaria
_c1985
300 _a222 p.
_c20 cm
490 _aLetras hondureñas
_v23
600 1 4 _922703
_aMorazán, Francisco
_d1792-1842
700 1 _aBardales B., Rafael
_931793
942 _2ddc
_cBK
_hahoj
999 _c18665
_d18665